000 00447nam a2200193Ia 4500
003 0100
008 130227s9999 xx 000 0 und d
040 _cARRUPELIB
050 _aHF5387.H43
100 _aPollard, C. William
245 4 _aThe Heart of a business ethic
260 _aNew York
260 _bUniversity Press of America
260 _C2005
300 _a221p.
300 _b 23cm.
650 _bHuman rights
942 _2lcc
_01
999 _c3700
_d3700